Library of the University of Algiers 3
Ibrahim Sultan Cheibout
شعار جامعة الجزائر 3
مكتبة جامعة الجزائر 3
إبراهيم سلطان شيبوط

دراسات في المحاسبة المالية محاسبة التكاليف المحاسبة الادارية / (رقم التسجيلة. 42807)

تفاصيل مارك
000 -LEADER
fixed length control field 02989nam a2200241Ia 4500
003 - CONTROL NUMBER IDENTIFIER
control field Ost
005 - DATE AND TIME OF LATEST TRANSACTION
control field 20260507075102.0
008 - FIXED-LENGTH DATA ELEMENTS--GENERAL INFORMATION
fixed length control field 260507s9999||||xx |||||||||||||| ||und||
040 ## - CATALOGING SOURCE
Transcribing agency fsecg
041 ## - LANGUAGE CODE
Language code of text/sound track or separate title ara
082 ## - DEWEY DECIMAL CLASSIFICATION NUMBER
Classification number 657.42
100 ## - MAIN ENTRY--PERSONAL NAME
Personal name عطيه، هاشم احمد
Relator term مؤلف
245 #0 - TITLE STATEMENT
Title دراسات في المحاسبة المالية محاسبة التكاليف المحاسبة الادارية /
Statement of responsibility, etc. هاشم احمد عطيه
260 ## - PUBLICATION, DISTRIBUTION, ETC.
Place of publication, distribution, etc. الاسكندرية:
Name of publisher, distributor, etc. الدار الجامعيه,
Date of publication, distribution, etc. 2000
300 ## - PHYSICAL DESCRIPTION
Extent 377 صفحة؛
Dimensions 24 سم
504 ## - BIBLIOGRAPHY, ETC. NOTE
Bibliography, etc. note بيبليوغرافيا : ص. 374-377
520 ## - SUMMARY, ETC.
Summary, etc. يتناول هذا الكتاب المكونات الأساسية للقوائم المالية ? خصائص كل من حسابات الميزانية وحسابات النتيجة ? قائمة التدفقات النقدية وقد قسم الى : القسم الأول : المحاسبة المالية : الفصل الأول : المكونات الأساسية للقوائم المالية : تبويب الحسابات : خصائص كل من حسابات الميزانية وحسابات النتيجة : العلاقة بين حسابات الميزانية وحسابات النتيجة : تبويب حسابات الميزانية : تبويب حسابات النتيجة : النفقات الايرادية والنفقات الرأسمالية : الفصل الثاني : القوائم المالية : أولا : قائمة المركز المالي : ثانيا : قائمة الدخل : الفصل الثالث : مشكلات في المحاسبة المالية : المحاسبة عن عمليات بضاعة الأمانة –القسم الثاني : المحاسبة الإدارية ومحاسبة التكاليف : الفصل الأول : المحاسبة الإدارية ودورها في التخطيط : تعريف المحاسبة الإدارية : الفصل الثاني : نظريات التكاليف وحجم النشاط والأرباح : نظريات التكاليف : نظرية التكاليف الاجمالية : الفصل الثالث : بعض المشكلات التكاليفية : مشكلات متعلقة بعنصر تكلفة العمالة : مشكلة تقييم المخزون : مشكلة تخصيص التكاليف غير المباشرة : الفصل الرابع : التكاليف المعيارية وانحرافات التكاليف : التكاليف المعيارية والموازنات التقديرية : أنواع المعايير : حدود استخدام التكاليف المعيارية : معايير التكاليف : معايير تكلفة المواد البشرية : معايير تكلفة الاجور المباشرة.
653 ## - INDEX TERM--UNCONTROLLED
Uncontrolled term المحاسبة الادارية
653 ## - INDEX TERM--UNCONTROLLED
Uncontrolled term المحاسبة التحليلية
653 ## - INDEX TERM--UNCONTROLLED
Uncontrolled term محاسبة التكاليف
700 ## - ADDED ENTRY--PERSONAL NAME
Personal name عبدربه، محمد محمود محمد
Relator term مؤلف ثانوي
942 ## - ADDED ENTRY ELEMENTS (KOHA)
Koha item type كتب
المقتنيات
Withdrawn status Lost status Source of classification or shelving scheme Damaged status Not for loan Home library Current library Date acquired Serial enumeration / chronology Inventory number Total checkouts Full call number Barcode Date last seen Price effective from Koha item type
    Dewey Decimal Classification   NOT LOAN / إعارة داخلية مكتبة كلية العلوم الإقتصادية والعلوم التجارية وعلوم التسيير مكتبة كلية العلوم الإقتصادية والعلوم التجارية وعلوم التسيير 07/05/2026 الطابق الأرضي 1181/1   أ/1181ن1 1181/1 07/05/2026 07/05/2026 كتب
    Dewey Decimal Classification   Available مكتبة كلية العلوم الإقتصادية والعلوم التجارية وعلوم التسيير مكتبة كلية العلوم الإقتصادية والعلوم التجارية وعلوم التسيير 07/05/2026 الطابق الثاني 1181/2   أ/1181ن2 1181/2 07/05/2026 07/05/2026 كتب

موارد الويب المفتوحة


© University of Algiers 3 All Rights Reserved
|
Implemented by LECHELAH Riad